Statistics for Jimin Songs Quiz (2024)

Click here to take the quiz!

General Stats

  • This quiz has been taken 107 times
    (2 since last reset)
  • The average score is 5 of 10

Answer Stats

Album/EPSong% Correct
Like Crazy
100%
Like Crazy (English Version)
100%
Set Me Free Pt.2
100%
Alone
50%
Closer Than This
50%
FACEFace-off
50%
Singles/Other SongsPromise
50%
Christmas Love
0%
Interlude : Dive
0%
With You
0%

Score Distribution

Percentile by Number Answered

Percent of People with Each Score

Your Score History

You have not taken this quiz since the last reset